|
|
|
|
| LEADER |
00000cam a2200000 a 4500 |
| 001 |
vtls001465415 |
| 003 |
SK-MaSNL |
| 005 |
20260302073246.0 |
| 008 |
240226s2003 xo ab grfn 000 0 slo |
| 015 |
|
|
|a SNBA2004/04-01278
|
| 020 |
|
|
|a 809687733X
|q (brožované)
|
| 035 |
|
|
|a SNK000420720
|
| 035 |
|
|
|a urn:nbn:sk:snk-am3j1y5
|
| 035 |
|
|
|a 38D25DE8-281C-4C1E-B7C2-7C14E39198DF
|
| 035 |
|
|
|a urn:nbn:sk:snk-am00gfir
|
| 035 |
|
|
|a SVKPOKN101721
|
| 035 |
|
|
|a SAVUKc181417
|
| 040 |
|
|
|a SNK
|b slo
|c SNK
|e AACR2
|
| 041 |
0 |
|
|a slo
|
| 043 |
|
|
|a e------
|
| 044 |
|
|
|a xo
|c SK
|
| 072 |
|
7 |
|a 78.01
|x Muzikológia. Dejiny hudby
|2 konspekt
|
| 080 |
|
|
|a 78
|2 2011
|
| 080 |
|
|
|a 78(091)
|2 2011
|
| 080 |
|
|
|a 78"04/14"
|2 2011
|
| 080 |
|
|
|a (4)
|2 2011
|
| 080 |
|
|
|a (035)
|2 2011
|
| 100 |
1 |
|
|a Hrčková, Naďa,
|d 1939-
|4 aut
|9 217634
|
| 245 |
1 |
0 |
|a Dejiny hudby
|n 1
|p Európsky stredovek
|c Naďa Hrčková
|
| 246 |
3 |
0 |
|a Európsky stredovek
|
| 250 |
|
|
|a 1. vyd.
|
| 260 |
|
|
|a Bratislava
|b Orman
|c 2003
|
| 300 |
|
|
|a 164 strán
|b ilustrácie, mapy
|c 22 cm
|e 1 CD
|
| 500 |
|
|
|a Ilustrácie na titulnej strane ; obsahuje kalendár udalostí
|
| 504 |
|
|
|a Bibliografia na strane 159-164
|
| 650 |
0 |
7 |
|a stredoveká hudba
|2 SNKPH
|9 70069
|
| 650 |
0 |
7 |
|a hudba
|2 SNKPH
|9 1063
|
| 650 |
0 |
7 |
|a dejiny hudby
|2 SNKPH
|9 3387
|
| 651 |
|
7 |
|a Európa
|2 SNKPHgeo
|9 167569
|
| 655 |
|
7 |
|a príručky
|2 SNKPH
|9 74364
|
| 852 |
|
|
|a Slovenská národná knižnica
|
| 919 |
|
|
|a 80-968773-3-X
|
| 954 |
|
|
|a odborná, vedecká literatúra pôvodná (slovenská)
|2 lita
|
| 958 |
|
|
|a TL
|
| 958 |
|
|
|a NB
|
| 999 |
|
|
|c 1160108
|d 1162038
|
| 952 |
|
|
|a SNK
|b SNK
|y PREZ
|7 0
|p 17A0408562
|o snkSC 114177/1
|i snkKSP 221/2004
|8 0
|3 Príloha: CD-ROM
|z Príloha: CD-ROM
|0 0
|1 0
|4 0
|d 2003-12-22
|f 1
|l 0
|r 2025-10-03 00:00:00
|w 2026-02-24
|
| 952 |
|
|
|a SNK
|b SNK
|y VYP
|7 0
|p 17A0408534
|o snkSC 114177/1 D1
|i snkKSP 222/2004
|8 0
|3 Príloha: CD-ROM
|0 0
|1 0
|4 0
|d 2003-12-22
|l 0
|r 2005-01-02 00:00:00
|w 2026-02-24
|
| 952 |
|
|
|a SNK
|b SNK
|y PREZ
|7 0
|p 17A0408561
|o snkSC 114177/1/príl.
|i snkKSP 221/2004
|8 0
|0 0
|1 0
|4 0
|d 2003-12-22
|f 2
|l 0
|r 2025-10-03 00:00:00
|w 2026-02-24
|
| 952 |
|
|
|a SNK
|b SNK
|y PREZ
|7 0
|p 17A0408535
|o snkSC 114177/1/príl. D1
|i snkKSP 222/2004
|8 0
|0 0
|1 0
|4 0
|d 2003-12-22
|l 0
|r 2005-01-02 00:00:00
|w 2026-02-24
|
| 952 |
|
|
|t snkHRC 78(091)
|a SNKMST
|b SNKMST
|y PREZ
|7 0
|p 17A0408717
|o snkSC 114177/1/príl. D2
|i snkKSP 564/2004
|0 0
|1 0
|4 0
|d 2004-01-15
|l 0
|r 2025-08-13 00:00:00
|w 2026-02-24
|
| 952 |
|
|
|t snkHRC 78(091)
|a SNKUST
|b SNKUST
|y PREZ
|7 0
|p 17A0408971
|o snkSC 114177/1 D2
|i snkKSP 564/2004
|0 0
|1 0
|4 0
|d 2004-01-15
|l 0
|r 2025-04-29 00:00:00
|w 2026-02-24
|